| 000 | 00487cam a2200193ua 4500 | ||
|---|---|---|---|
| 001 | 4026 | ||
| 008 | 111213n ii |||gr||||Z||||||asm | ||
| 020 | _a81-86494-40-5 | ||
| 040 | _cMAIN | ||
| 082 | _a891.4511 | ||
| 100 | _aBaruah, Bhaben, | ||
| 245 | 1 | 1 |
_aKabita sangrah : _bsunali jhahas / _cby Bhaben Baruah |
| 250 | _a1st. | ||
| 260 |
_aGuwahati: _bStudents stores,997. |
||
| 300 |
_a230p: _c23cm. |
||
| 653 | _aAssamese poem | ||
| 653 | _aPichhar dinar tuti gita | ||
| 942 | _cBK | ||
| 999 |
_c3848 _d3848 |
||